Ouidah la Mémoire silencieuse : (Record no. 63448)
[ view plain ]
| 000 -LEADER | |
|---|---|
| fixed length control field | 00702nam a22002177a 4500 |
| 005 - DATE AND TIME OF LATEST TRANSACTION | |
| control field | 20251014113733.0 |
| 008 - FIXED-LENGTH DATA ELEMENTS--GENERAL INFORMATION | |
| fixed length control field | 251014b |||||||| |||| 00| 0 eng d |
| 020 ## - INTERNATIONAL STANDARD BOOK NUMBER | |
| International Standard Book Number | 978-999-82-0-462-1 |
| 040 ## - CATALOGING SOURCE | |
| Original cataloging agency | BUAC |
| Transcribing agency | BUC |
| 041 ## - LANGUAGE CODE | |
| Language code of text/sound track or separate title | Fre |
| 100 ## - MAIN ENTRY--PERSONAL NAME | |
| Personal name | Ayarii-De Souza, Rachida |
| 245 ## - TITLE STATEMENT | |
| Title | Ouidah la Mémoire silencieuse : |
| Remainder of title | Histoire sociale succinte la terre, les hommes et les Dieux |
| Statement of responsibility, etc | / par Rachida Ayari-De Souza |
| 260 ## - PUBLICATION, DISTRIBUTION, ETC. (IMPRINT) | |
| Place of publication, distribution, etc | Porto-Novo : |
| Name of publisher, distributor, etc | Dagan, |
| Date of publication, distribution, etc | Bénin, 2020 |
| 300 ## - PHYSICAL DESCRIPTION | |
| Extent | 292 p |
| Other physical details | couv.ill. encoul; |
| Dimensions | 21 cm. |
| 500 ## - GENERAL NOTE | |
| General note | Bibliogr pp. (279 -287) |
| 630 ## - SUBJECT ADDED ENTRY--UNIFORM TITLE | |
| Uniform title | ARCHEROLOGIE GEOGRAPHIE-BIOGRAPHIE-HISTOIR |
| 650 ## - SUBJECT ADDED ENTRY--TOPICAL TERM | |
| Topical term or geographic name as entry element | HISTOIRE SOCIALE |
| 651 ## - SUBJECT ADDED ENTRY--GEOGRAPHIC NAME | |
| Geographic name | OUIDAH |
| 651 ## - SUBJECT ADDED ENTRY--GEOGRAPHIC NAME | |
| Geographic name | BENIN |
| 942 ## - ADDED ENTRY ELEMENTS (KOHA) | |
| Source of classification or shelving scheme | Dewey Decimal Classification |
| Item type | Libre Accès |
| Withdrawn status | Lost status | Source of classification or shelving scheme | Damaged status | Not for loan | Location (home branch) | Sublocation or collection (holding branch) | Shelving location | Date acquired | Source of acquisition | Coded location qualifier | Koha issues (times borrowed) | Koha full call number | Piece designation (barcode) | Koha date last seen | Copy number | Price effective from | Koha item type |
|---|---|---|---|---|---|---|---|---|---|---|---|---|---|---|---|---|---|
| Dewey Decimal Classification | Bibliothèque Universitaire Centrale | Bibliothèque Universitaire Centrale | 14/10/2025 | ACHAT | 24/0023 | 966.82 ZOU (OUIDA) | 24-0023BUC | 14/10/2025 | 1 | 14/10/2025 | Libre Accès | ||||||
| Dewey Decimal Classification | Bibliothèque Universitaire Centrale | Bibliothèque Universitaire Centrale | 14/10/2025 | ACHAT | 22/0460 | 966.82 ZOU (OUIDA) | 22.-0460BUC | 14/10/2025 | 1 | 14/10/2025 | Libre Accès |